Score 0/267 Timer 15:00
0 Plays Today
Lyrics % Correct
and
99.1%
the
99.1%
The
99.1%
the
99.1%
and
99.1%
a
99.1%
and
99.1%
and
99.1%
The
99.1%
The
99.1%
the
99.1%
and
99.1%
and
99.1%
And
99.1%
and
99.1%
a
99.1%
The
99.1%
the
99.1%
The
99.1%
the
99.1%
The
99.1%
The
99.1%
The
99.1%
the
99.1%
And
99.1%
The
99.1%
and
99.1%
The
99.1%
the
99.1%
The
99.1%
the
99.1%
the
99.1%
and
99.1%
and
99.1%
the
99.1%
the
99.1%
the
99.1%
misty
95.7%
misty
95.7%
misty
95.7%
Far
95.1%
Far
95.1%
Far
95%
over
94.9%
over
94.9%
over
94.9%
mountains
92.2%
mountains
92.2%
mountains
92.2%
mountain
91.7%
cold
90.5%
cold
90.5%
We
82.7%
We
82.7%
We
82.7%
To
81.5%
To
81.5%
To
81.5%
To
81.5%
To
81.5%
to
81.5%
To
81.5%
To
81.5%
of
75.4%
of
75.4%
of
75.4%
of
75.4%
of
75.4%
of
75.4%
of
75.4%
of
75.4%
old
74.2%
old
74.2%
deep
72.2%
deep,
72.2%
deep
72.2%
deep
72.2%
In
70.1%
In
70.1%
in
70.1%
in
70.1%
in
70.1%
in
70.1%
gold.
70%
gold.
70%
gold;
70%
gold
70%
caverns
69%
For
69%
Lyrics % Correct
caverns
69%
for
69%
caverns
69%
day
68%
day,
68%
day,
68%
dungeons
67.3%
dungeons
67.3%
dungeons
67.3%
away
63.9%
away,
63.9%
away,
63.9%
break
63.1%
break
63.1%
break
63.1%
must
61.7%
must
61.7%
must
61.7%
were
61.6%
were
61.6%
were
61.6%
on
61.6%
On
61.6%
on
61.6%
on
61.6%
our
61.2%
our
61.2%
fire
59.7%
fire
59.7%
dragon-fire,
59.6%
long,
57.8%
ere
57.6%
ere
57.6%
ere
57.6%
Was
55.1%
was
55.1%
it
54.8%
long-forgotten
54.7%
night.
53.6%
light
51.4%
light
51.4%
light.
51.4%
with
51.3%
with
51.3%
like
49.2%
like
49.2%
trees
48.7%
roaring
47.7%
pines
47.6%
win
46.4%
red,
44.9%
torches
42.5%
where
41.9%
where
41.9%
dwarves
41.8%
dwarves,
41.8%
spread;
40.6%
blazed
40.4%
They
39.9%
they
39.9%
they
39.9%
they
39.9%
They
39.9%
they
39.9%
they
39.9%
they
39.9%
They
39.9%
from
39.2%
flaming
39%
There
37.9%
there
37.9%
There
37.9%
winds
37.7%
height,
37.3%
no
36.9%
seek
36.8%
dark
36.3%
or
34.6%
moaning
34.3%
king
33.4%
claim
32.8%
men
32.6%
men
32.6%
man
32.5%
moon
31.8%
moon;
31.8%
moon.
31.8%
sun.
31.4%
their
31%
Lyrics % Correct
their
31%
up
30.8%
pale
30.1%
pale;
30.1%
by
30.1%
hall
29.8%
elves.
29.5%
enchanted
29.3%
him!
29.2%
made
29.2%
dragon's
28.9%
silver
28.7%
sword.
28.5%
sleep,
28.4%
fell
28%
bells
28%
bells
28%
yore
27.8%
halls
27.8%
beneath
27.8%
beneath
27.8%
Beneath
27.8%
beneath
27.8%
ringing
27.5%
ringing
27.5%
things
27.4%
mighty
26.9%
hammers
26.7%
spells,
26.2%
than
25.7%
gems
25.7%
lord
25.6%
song
25.6%
more
25.5%
places
25.5%
his
25.4%
dale
25.2%
many
25.1%
many
25.1%
stars,
25%
While
24.3%
golden
23.9%
ancient
23.5%
elvish
23.3%
lay
23%
hilt
23%
harps
23%
harps
23%
hoard
22.9%
hide
22.7%
faces
22.6%
ire
22.6%
dim
22.3%
looked
22.2%
fells.
22%
fled
21.9%
sung
21.7%
grim
21.7%
necklaces
21.5%
hollow
21.5%
wrought,
21.4%
fall
21.4%
caught
21.3%
heard
21.1%
fierce
21.1%
wire
21%
doom.
20.9%
twisted
20.7%
hung
20.5%
feet,
20.2%
crowns
20.2%
strung
20.1%
houses
20.1%
unheard
20%
low
19.9%
gleaming
19.9%
shaped
18.9%
themselves
18.8%
delves
18.8%
towers
18.7%
Goblets
18.7%
smoked
18.6%
Laid
18.6%
dying
18.3%
carved
18.1%
tramp
17.9%
meshed
17.5%
frail.
17.5%
flowering
17%
Remove Ads.
Support Sporcle.
Get the best of Sporcle when you Go Orange. This ad-free experience offers more features, more stats, and more fun while also helping to support Sporcle. Thank you for becoming a member.

You're not logged in!

Compare scores with friends on all Sporcle quizzes.
OR
Log In

Show Comments

Extras

Top Quizzes Today


Score Distribution

Your Account Isn't Verified!

In order to create a playlist on Sporcle, you need to verify the email address you used during registration. Go to your Sporcle Settings to finish the process.

Report this User

Report this user for behavior that violates our Community Guidelines.

Details: